00337nam a2200109 a 4500008004100000050001100041100002800052245006900080246006000149260000900209350000900218120416s9999 ||||||||||||||||| || u aTHESIS aKaluba, Chresta Chitoba10aStrategic planning for a non-profit entrepreneurial organisation athe Small and Medium Entrepreneurs Association of Kitwe a2001 a0.00